| 000 | 00977nam a22002657a 4500 | ||
|---|---|---|---|
| 005 | 20170124105919.0 | ||
| 010 | _aB-159177 | ||
| 020 |
_c750.00 _a9788176295642 |
||
| 035 | _aB-159177 | ||
| 037 | _bCen Lib/Ret | ||
| 040 |
_aDPL _bEN |
||
| 082 |
_a307.72 _2RUR |
||
| 245 |
_aRural empowerment : _cedited by S.B. Verma [and] Yaswant Tukaram Pawar _bthrough SHGs, NGOs and PRIs / |
||
| 260 |
_aNew Delhi _bDeep and Deep Publications _c2005 |
||
| 270 |
_aF-159, Rajouri Garden _bNew Delhi _e110027 |
||
| 300 |
_axiv, 350p. _c22cm(Hb) |
||
| 500 | _aIncludes bibliographical references and index | ||
| 650 |
_aNon-Government Organisation _93585 |
||
| 650 |
_aPanchayati Raj-institutions _93586 |
||
| 650 |
_aगैर-सरकारी संगठन _93587 |
||
| 650 |
_a पंचायती राज-संस्थानों _93588 |
||
| 700 |
_aVerma, S.B. _93589 |
||
| 700 |
_a Pawar, Yaswant Tukaram _93590 |
||
| 942 |
_2ddc _cEN _h307.72 _mRUR |
||
| 999 |
_c123002 _d123002 |
||